00755nam a2200205 a 450000100060000000300090000600800410001502000150005604000280007108200160009910000380011524500580015326000290021130000110024059000860025165000320033794200120036999900170038195201510039815921CO-ViMGA141112s2004 ck r 000 u spa d a9589079091 aCO-ViMGAbspacCO-ViMGA04a330.1 C177t1 aCastaño Orozco, Gildardo92283810aTeoría Económica General : bMódulo autoformato aBogotá, cEsap, c1991 a194.p. aForma de adquisición : Donación Biblioteca Nacional 2003 - - Precio : 15.00014aEconomía - TEORIAS917770 2ddccBK c25925d25925 01102ddc44708002aMEVIECARbMEVIECARd2015-12-04hVolumen. 1 | 11/jun/2009l0o330.1 C177t p15921r2015-12-04 00:00:00tEj. 1w2015-12-04yBK